00780nam a22002057a 450000500170000001000150001702000270003203500130005903700130007208200150008510000260010024500800012626000420020627000720024830000240032050000400034494200290038499900170041395201440043020140908105523.0 aENG-110762 a9788183875998c1295.00 aEN-94294 bDBAD/PUB a338.130954 aCharyulu, M. Yadagira aAgrarian distress and farmers suicides in India /c by M. Yadagira Charyulu aNew DelhibSerials Publicationsc2013 a4830/24, Prahlad street, Ansari Road, Darya GanjbNew Delhie110002 axx,312p. c22cm(Hb) aIncludes bibliographical references 2ddccENh338.130954mCHA c88352d88352 001040718NFICaDBADbDBADd2014-09-05eDBAD / PUBg1295.00l0o338.130954 CHApEN-94294r2014-09-05 00:00:00t1v1295.00w2014-09-05yEN